Linguistics and evolution: a developmental approach

Na minha lista:
Detalhes bibliográficos
Autor principal: Tetel Andresen, Julie (Autor)
Formato: Livro
Idioma:inglês
Publicado em: Nueva York Cambridge University Press 2014
Edição:1a. ed
Assuntos:
Tags: Adicionar Tag
Sem tags, seja o primeiro a adicionar uma tag!

MARC

LEADER 00000cam a2200000 a 4500
001 UCE7903
003 CL-VaPUC
008 150710e20140000us |||||||||||||||||eng|d
020 |a 9781107650114 
082 0 4 |a 401.4  |b TET  |2 21 
100 0 |a Tetel Andresen, Julie  |e author  |9 580627 
245 1 0 |a Linguistics and evolution: a developmental approach 
250 |a 1a. ed 
300 |a 308 p 
942 |c BK 
945 |d 20150710 13:45:00  |a dcastane 
260 |a Nueva York  |b Cambridge University Press  |c 2014 
650 0 |a Lexicología   |9 323170 
650 7 |a LENGUAJE Y LENGUA  |2 CL-VaPUC  |9 517567 
583 |a last modification  |c 20150710 13:45:00  |k Rodrigo Vera 
999 |c 359889  |d 359887 
952 |0 0  |1 0  |3 erd  |4 0  |6 401_400000000000000_TET_2014  |7 0  |8 A  |9 469483  |a FDOPOS  |b FDOPOS  |i 5190479  |o 401.4 TET 2014  |p 5190479  |r 2025-01-22  |w 2019-11-23  |y BK  |z Catalogado en:20150710  |k DLA